logo

Bir Sreshtho Munshi Abdur Rouf Library
Jhenaidah Cadet College

The breath of life / (Record no. 6707)

MARC details
000 -LEADER
fixed length control field 00570nam a22002292a 4500
001 - CONTROL NUMBER
JCCL Control Number 6707
003 - CONTROL NUMBER IDENTIFIER
JCCL marc code BD-JhCC
005 - DATE AND TIME OF LATEST TRANSACTION
control field 20180128165259.0
008 - FIXED-LENGTH DATA ELEMENTS--GENERAL INFORMATION
fixed length control field 500101m19511953enka 000 0 eng d
035 ## - SYSTEM CONTROL NUMBER
system control number (BD-JhCC)6707
040 ## - CATALOGING SOURCE
Original cataloging agency WEL
Transcribing agency WEL
Modifying agency EQO
-- BD-JhCC
041 ## - LANGUAGE CODE
Language code of Book eng
082 ## - DEWEY DECIMAL CLASSIFICATION NUMBER
Classification number 522
Author mark and Year MON 1953
090 ## - LOCALLY ASSIGNED LC-TYPE CALL NUMBER (OCLC); LOCAL CALL NUMBER (OCLC)
Classification number (OCLC) (R) ; Classification number, CALL (RLIN) (NR) PE1121
Local cutter number (OCLC) ; Book number/undivided call number, CALL (RLIN) .M6
100 1# - MAIN ENTRY--PERSONAL NAME
Personal name Monmouth, David.
245 04 - TITLE STATEMENT
Title The breath of life /
Statement of responsibility, etc David Monmouth,
260 ## - PUBLICATION, DISTRIBUTION, ETC. (IMPRINT)
Place of publication, distribution, etc London :
Name of publisher, distributor, etc G. Allen & Unwin,
Date of publication, distribution, etc 1953.
300 ## - PHYSICAL DESCRIPTION
Pagination 111 p.
Dimensions 18cm.
Other physical details ill.;
650 ## - SUBJECT ADDED ENTRY--TOPICAL TERM
Topical term or geographic name as entry element Life(Biology)
942 ## - ADDED ENTRY ELEMENTS (KOHA)
Source of classification or shelving scheme Dewey Decimal Classification
Koha item type Books
Holdings
Source of classification or shelving scheme Damaged status Not for loan Home library Current library Shelving location Date of accession Total Checkouts Full call number Barcode Date last seen Copy number Koha item type
Dewey Decimal Classification     JCC Rouf Library JCC Rouf Library General Stacks 01/28/2018   522 MON 1953 9258 01/28/2018 C-1 Books
Dewey Decimal Classification     JCC Rouf Library JCC Rouf Library General Stacks     522 MON 1953 12189 03/14/2018 C - 2 Books

JCC Library | Contacts | JCC Home

Last Update on 23 September 2017
Copyright @ 2017-2020 JCC Rouf Library
Rouf Library, Jhenidah Cadet College (JCC), Bangladesh